000 00570nam a22001697a 4500
003 NUST
038 _aNusrat Nadeem
082 _a200
100 _aAbu Bakar, Aqsa
_9127022
245 _aEdge-Optimized Deep Learning Framework for Dynamic Unmanned Vehicles Detection and Tracking/
_c Aqsa Abu Bakar,
264 _aIslamabad;
_bSEECS NUST;
_c2024.
300 _a209, p;
_b35, cm.
650 _a MS-Electrical Engineering
_9127023
700 _aSupervisor: Dr. Wajid Mumtaz
_997230
856 _u http://10.250.8.41:8080/xmlui/handle/123456789/48103
942 _2ddc
_cSC
999 _c612378
_d612378